[Event "26th WSCC 2016 Open 65+"]
[Site "Marianske Lazne, Czech Republic - Hotel Cristal and Continental"]
[Date "2016.11.29"]
[Round "10.1"]
[White "Maryasin, Boris"]
[Black "Jansa, Vlastimil"]
[Result "1/2-1/2"]
[WhiteElo "2331"]
[BlackElo "2418"]
[PlyCount "79"]
[EventDate "2016.11.19"]

1. e4 c5 2. Nf3 e6 3. d4 cxd4 4. Nxd4 Nf6 5. Nc3 d6 6. f4 Be7 7. Qf3 O-O 8. Nb3
Nc6 9. Be3 a6 10. g4 Qc7 11. g5 Nd7 12. h4 b5 13. h5 b4 14. Na4 Bb7 15. Bd3 f5
16. gxf6 Bxf6 17. Qg4 Rae8 18. O-O-O Na5 19. Rhg1 Nc4 20. Bd4 e5 21. Nac5 dxc5
22. Bxc4+ Kh8 23. h6 g6 24. Bf2 Nb6 25. Be6 exf4 26. Nxc5 Bc8 27. e5 Qxe5 28.
Bd4 Bxe6 29. Bxe5 Bxg4 30. Bxf6+ Rxf6 31. Rxg4 g5 32. Rxg5 Rxh6 33. Rf5 Rc8 34.
Nd3 Nc4 35. Rxf4 Ne3 36. Rg1 Rxc2+ 37. Kb1 Rg2 38. Re1 Nd5 39. Rd4 Rh5 40. Nxb4
1/2-1/2

[Event "26th WSCC 2016 Open 65+"]
[Site "Marianske Lazne, Czech Republic - Hotel Cristal and Continental"]
[Date "2016.11.29"]
[Round "10.2"]
[White "Sveshnikov, Evgeny"]
[Black "Vaisser, Anatoly"]
[Result "1/2-1/2"]
[WhiteElo "2489"]
[BlackElo "2505"]
[PlyCount "51"]
[EventDate "2016.11.19"]

1. e4 e6 2. d4 d5 3. e5 c5 4. c3 Qb6 5. Nf3 Nc6 6. a3 c4 7. Nbd2 Na5 8. Be2 Bd7
9. O-O f5 10. Rb1 Qc7 11. Qc2 Be7 12. b3 b5 13. a4 a6 14. axb5 axb5 15. Ra1 Ra7
16. bxc4 bxc4 17. h3 Nh6 18. Ra2 Nc6 19. Rxa7 Qxa7 20. Bb2 O-O 21. Ra1 Qb7 22.
Ba3 Qa7 23. Bb2 Qb7 24. Rb1 Qa7 25. Ra1 Qb7 26. Ba3 1/2-1/2

[Event "26th WSCC 2016 Open 65+"]
[Site "Marianske Lazne, Czech Republic - Hotel Cristal and Continental"]
[Date "2016.11.29"]
[Round "10.4"]
[White "Plachetka, Jan"]
[Black "Harandi, Khosro"]
[Result "1-0"]
[WhiteElo "2348"]
[BlackElo "2354"]
[PlyCount "53"]
[EventDate "2016.11.19"]

1. c4 e5 2. Nc3 Nc6 3. g3 g6 4. Bg2 Bg7 5. Rb1 d6 6. b4 a6 7. d3 f5 8. Bd2 Nf6
9. e3 O-O 10. Nge2 Rb8 11. O-O Be6 12. Qc2 Qd7 13. Nd5 Qf7 14. Nec3 g5 15. f4
gxf4 16. gxf4 Nh5 17. b5 axb5 18. Nxb5 Rbc8 19. Bc3 Kh8 20. Kh1 Nf6 21. Nxf6
Bxf6 22. Rg1 Bd7 23. Bd5 Qe7 24. Rg3 Nd8 25. Rbg1 Be6 26. Qg2 c6 27. Rg8+ 1-0

[Event "26th WSCC 2016 Open 65+"]
[Site "Marianske Lazne, Czech Republic - Hotel Cristal and Continental"]
[Date "2016.11.29"]
[Round "10.5"]
[White "Boehnisch, Manfred"]
[Black "Zhelnin, Vladimir V"]
[Result "0-1"]
[WhiteElo "2297"]
[BlackElo "2453"]
[PlyCount "56"]
[EventDate "2016.11.19"]

1. e4 c5 2. Nf3 d6 3. Bb5+ Nd7 4. d4 Ngf6 5. e5 Qa5+ 6. Nc3 Ne4 7. Rb1 a6 8.
Bxd7+ Bxd7 9. O-O Nxc3 10. bxc3 e6 11. Bf4 Bb5 12. exd6 O-O-O 13. dxc5 Qxc3 14.
Rxb5 axb5 15. Ne5 g5 16. Bg3 f5 17. d7+ Kc7 18. Ng6+ f4 19. Nxf8 Rdxf8 20. Qd6+
Kd8 21. Bxf4 gxf4 22. Rd1 Rhg8 23. Qb8+ Ke7 24. Qxb7 Rd8 25. Qc6 Qe5 26. g3
fxg3 27. hxg3 Rg5 28. Rd6 Rh5 0-1

[Event "26th WSCC 2016 Open 65+"]
[Site "Marianske Lazne, Czech Republic - Hotel Cristal and Continental"]
[Date "2016.11.29"]
[Round "10.6"]
[White "Van Riemsdijk, Herman C"]
[Black "Bogdanov, Valentin"]
[Result "1/2-1/2"]
[WhiteElo "2309"]
[BlackElo "2385"]
[PlyCount "70"]
[EventDate "2016.11.19"]

1. e4 e5 2. Nf3 Nc6 3. Bb5 a6 4. Ba4 Nf6 5. O-O Nxe4 6. Re1 Nc5 7. Bxc6 dxc6 8.
Nxe5 Be7 9. d4 Ne6 10. c3 O-O 11. Be3 f6 12. Nd3 Re8 13. Nd2 Nf8 14. Qb3+ Kh8
15. Nf4 Bd6 16. Rad1 Bg4 17. Rc1 b5 18. Nf1 Ne6 19. Nd3 Bf5 20. Nc5 Nxc5 21.
dxc5 Bf8 22. Qd1 Qxd1 23. Rcxd1 Be6 24. a3 Bb3 25. Rc1 a5 26. Nd2 Bd5 27. Bd4
a4 28. f3 Kg8 29. Kf2 Kf7 30. Rxe8 Rxe8 31. Re1 Rd8 32. Nf1 g6 33. g4 Be7 34.
f4 f5 35. g5 Rd7 1/2-1/2

[Event "26th WSCC 2016 Open 65+"]
[Site "Marianske Lazne, Czech Republic - Hotel Cristal and Continental"]
[Date "2016.11.29"]
[Round "10.7"]
[White "Kelleher, William"]
[Black "Rooze, Jan"]
[Result "1-0"]
[WhiteElo "2292"]
[BlackElo "2335"]
[PlyCount "109"]
[EventDate "2016.11.19"]

1. d4 Nf6 2. Nf3 c5 3. e3 g6 4. Bd3 Bg7 5. O-O O-O 6. c3 b6 7. Qe2 Bb7 8. e4 d6
9. Bg5 h6 10. Bh4 cxd4 11. cxd4 Nc6 12. d5 Ne5 13. Nxe5 dxe5 14. Nc3 Ne8 15.
Rac1 Nd6 16. f3 Rc8 17. Nb5 Nxb5 18. Bxb5 Qd6 19. a3 Rc7 20. Rxc7 Qxc7 21. Bc6
Bc8 22. Rc1 Rd8 23. Qc4 g5 24. Bf2 e6 25. g4 Bf8 26. b4 Bd6 27. h4 Qe7 28. h5
Kg7 29. Kg2 f5 30. Rf1 fxg4 31. fxg4 exd5 32. Bxd5 Bxg4 33. Bxb6 Rf8 34. Bc5
Bxh5 35. Rxf8 Kxf8 36. Bxa7 Qxa7 37. Qc8+ Be8 38. Qe6 Qd7 39. Qxh6+ Ke7 40.
Qxg5+ Kf8 41. Qf6+ Bf7 42. Bxf7 Be7 43. Qf3 Qd2+ 44. Kh3 Bg5 45. Qf5 Qe3+ 46.
Kg4 Qg1+ 47. Kh5 Bf6 48. Qxf6 Qh1+ 49. Qh4 Qf3+ 50. Qg4 Qxf7+ 51. Kh4 Qf2+ 52.
Kg5 Ke7 53. Kh5 Qf7+ 54. Kh6 Qf6+ 55. Kh7 1-0

[Event "26th WSCC 2016 Open 65+"]
[Site "Marianske Lazne, Czech Republic - Hotel Cristal and Continental"]
[Date "2016.11.29"]
[Round "10.8"]
[White "Pushkov, Nikolai"]
[Black "Shvedchikov, Anatoli I"]
[Result "1/2-1/2"]
[WhiteElo "2325"]
[BlackElo "2281"]
[PlyCount "23"]
[EventDate "2016.11.19"]

1. c4 c6 2. Nf3 d5 3. e3 Nf6 4. d4 e6 5. Bd3 Nbd7 6. O-O Bd6 7. Nbd2 O-O 8. e4
dxe4 9. Nxe4 Be7 10. Qe2 b6 11. Rd1 Bb7 12. b3 1/2-1/2

[Event "26th WSCC 2016 Open 65+"]
[Site "Marianske Lazne, Czech Republic - Hotel Cristal and Continental"]
[Date "2016.11.29"]
[Round "10.9"]
[White "Werner, Clemens"]
[Black "Batakovs, Olegs"]
[Result "1-0"]
[WhiteElo "2325"]
[BlackElo "2034"]
[PlyCount "51"]
[EventDate "2016.11.19"]

1. e4 c5 2. c3 Nf6 3. e5 Nd5 4. Nf3 e6 5. d4 d6 6. dxc5 dxc5 7. Bd3 Be7 8. O-O
Bd7 9. a4 Nc6 10. Be4 Nb6 11. a5 Nc4 12. a6 bxa6 13. Qe2 Nb6 14. Rxa6 Qc8 15.
Ra1 O-O 16. Bc2 Nd5 17. Re1 Re8 18. Ng5 g6 19. Nxh7 Qd8 20. Qg4 Kg7 21. Ng5 Rh8
22. Nxf7 Kxf7 23. Qxg6+ Kf8 24. Bh6+ Rxh6 25. Qxh6+ Kf7 26. Bg6+ 1-0

[Event "26th WSCC 2016 Open 65+"]
[Site "Marianske Lazne, Czech Republic - Hotel Cristal and Continental"]
[Date "2016.11.29"]
[Round "10.10"]
[White "Mishuchkov, Nikolai M"]
[Black "Malmdin, Nils-Ake"]
[Result "1/2-1/2"]
[WhiteElo "2319"]
[BlackElo "2182"]
[PlyCount "51"]
[EventDate "2016.11.19"]

1. d4 g6 2. Nf3 Bg7 3. e4 c5 4. d5 d6 5. Be2 Na6 6. O-O Nc7 7. a4 b6 8. h3 a6
9. Re1 Nh6 10. Nc3 f6 11. Be3 Nf7 12. Qd2 O-O 13. Rab1 a5 14. Bc4 Bd7 15. b3
Qe8 16. Qd3 Kh8 17. Bf4 Rb8 18. Nb5 Nxb5 19. Bxb5 Bxb5 20. Qxb5 Qxb5 21. axb5
Rb7 22. Ra1 g5 23. Bc1 f5 24. Ra2 f4 25. Bb2 Be5 26. Nxe5 1/2-1/2

[Event "26th WSCC 2016 Open 65+"]
[Site "Marianske Lazne, Czech Republic - Hotel Cristal and Continental"]
[Date "2016.11.29"]
[Round "10.11"]
[White "Renman, Nils-Gustaf"]
[Black "Babula, Milan"]
[Result "1-0"]
[WhiteElo "2352"]
[BlackElo "2210"]
[PlyCount "121"]
[EventDate "2016.11.19"]

1. d4 Nf6 2. Nf3 c5 3. d5 e6 4. c4 exd5 5. cxd5 d6 6. Nc3 g6 7. e4 Bg7 8. Nd2
Nbd7 9. Be2 O-O 10. O-O a6 11. a4 Rb8 12. Qc2 Ne5 13. Ra3 Nh5 14. Bxh5 gxh5 15.
a5 b5 16. axb6 Rxb6 17. Ne2 h4 18. f4 Ng4 19. h3 Nf6 20. Nc4 Rb7 21. Rd1 Re8
22. e5 dxe5 23. fxe5 Rbe7 24. Nf4 Nd7 25. e6 fxe6 26. Nxe6 Rxe6 27. dxe6 Rxe6
28. Re3 Qe7 29. Rxe6 Qxe6 30. Be3 Bb7 31. Rd6 Qf7 32. Qd3 Nf8 33. Bxc5 Qe8 34.
Qe3 Qc8 35. Ne5 Ne6 36. Nc6 Bxc6 37. Qxe6+ Qxe6 38. Rxe6 Bb5 39. b4 Kf7 40. Re4
Bf6 41. Bf2 Bd3 42. Rf4 Ke6 43. Bxh4 Be5 44. Rf3 Be4 45. Ra3 Bb7 46. Bg3 Bd4+
47. Bf2 Be5 48. Rd3 Bc6 49. Bc5 Bb5 50. Rd8 Bc3 51. Kf2 Bb2 52. g4 Ke5 53. Rh8
Bd3 54. Ke3 Bg6 55. Ra8 Bc1+ 56. Ke2 Kf4 57. Bd6+ Kg5 58. Rxa6 Kh4 59. b5 Be8
60. Kd1 Be3 61. Ra3 1-0

[Event "26th WSCC 2016 Open 65+"]
[Site "Marianske Lazne, Czech Republic - Hotel Cristal and Continental"]
[Date "2016.11.29"]
[Round "10.12"]
[White "Okhotnik, Vladimir"]
[Black "Huelsmann, Josef"]
[Result "1-0"]
[WhiteElo "2434"]
[BlackElo "2219"]
[PlyCount "83"]
[EventDate "2016.11.19"]

1. e4 e6 2. d4 d5 3. Nc3 Nf6 4. e5 Nfd7 5. Nce2 c5 6. c3 Nc6 7. Nf3 Be7 8. h4
h6 9. a3 a5 10. Nf4 cxd4 11. cxd4 Nb6 12. Bd3 a4 13. Be3 Na5 14. Nd2 Kd7 15.
Rc1 Nc6 16. Nb1 Kc7 17. Nc3 Kb8 18. Nh5 Rg8 19. Qf3 Qf8 20. Nb5 Bd7 21. Qf4 Nc8
22. O-O Ra5 23. Bd2 Ra8 24. Rc2 N8a7 25. Nf6 gxf6 26. exf6+ e5 27. fxe7 Qxe7
28. dxe5 Rg4 29. e6+ Rxf4 30. Bxf4+ Kc8 31. Nd6+ Kd8 32. exf7 Be6 33. Nxb7+ Kc8
34. Ba6 Bxf7 35. Na5+ Kd7 36. Nxc6 Qf6 37. Bb7 Rg8 38. Ne5+ Ke8 39. Re1 Be6 40.
Bg3 Kf8 41. Bxd5 Nb5 42. Rc6 1-0

[Event "26th WSCC 2016 Open 65+"]
[Site "Marianske Lazne, Czech Republic - Hotel Cristal and Continental"]
[Date "2016.11.29"]
[Round "10.13"]
[White "Kakageldyev, Amanmurad"]
[Black "Karlik, Vladimir"]
[Result "1-0"]
[WhiteElo "2373"]
[BlackElo "2217"]
[PlyCount "101"]
[EventDate "2016.11.19"]

1. d4 d6 2. e4 g6 3. c4 Bg7 4. Nc3 Nf6 5. Nge2 O-O 6. Ng3 e5 7. d5 Ng4 8. f3
Nh6 9. Be2 f5 10. exf5 Nxf5 11. O-O Nd7 12. Nxf5 gxf5 13. f4 exf4 14. Bxf4 Ne5
15. Qd2 Bd7 16. Rae1 Kh8 17. Kh1 Qf6 18. Nd1 h6 19. b3 Nf7 20. Bd3 Ng5 21. Qc2
Rae8 22. Rxe8 Rxe8 23. Bd2 c6 24. Bc3 Qf7 25. Bxg7+ Kxg7 26. dxc6 bxc6 27. Qf2
a5 28. Qa7 Re5 29. Qd4 Qf6 30. Ne3 Ne4 31. Ng4 Qh4 32. Bxe4 fxg4 33. Qxd6 Rxe4
34. Qxd7+ Qe7 35. Qd2 a4 36. Qc3+ Kg8 37. bxa4 Qe6 38. Qb4 Rxc4 39. Qb3 Re4 40.
a5 Qxb3 41. axb3 Rb4 42. Ra1 Rxb3 43. a6 Rb8 44. Kg1 Kf7 45. Kf2 Kg6 46. a7 Ra8
47. Ke3 Kf6 48. Kd4 g3 49. hxg3 Kf5 50. Kc5 Kg4 51. Ra3 1-0

[Event "26th WSCC 2016 Open 65+"]
[Site "Marianske Lazne, Czech Republic - Hotel Cristal and Continental"]
[Date "2016.11.29"]
[Round "10.14"]
[White "Pritchett, Craig W"]
[Black "Lind, Jan-Olov"]
[Result "1-0"]
[WhiteElo "2338"]
[BlackElo "2213"]
[PlyCount "133"]
[EventDate "2016.11.19"]

1. e4 c5 2. Nf3 g6 3. d4 cxd4 4. Nxd4 Bg7 5. c4 Nc6 6. Be3 Nf6 7. Nc3 O-O 8.
Be2 b6 9. O-O Bb7 10. f3 Nh5 11. Nb3 d6 12. Rc1 Rc8 13. Qd2 Ne5 14. Nb5 a6 15.
N5d4 Nf6 16. Rfd1 Qc7 17. a4 Qb8 18. a5 bxa5 19. Nxa5 Ba8 20. b4 Rc7 21. b5
axb5 22. cxb5 Rxc1 23. Rxc1 d5 24. Ndc6 Bxc6 25. Nxc6 Nxc6 26. bxc6 dxe4 27. c7
Qa8 28. fxe4 Rc8 29. Bb6 Qb7 30. Qa5 Nd7 31. Ba6 Qxb6+ 32. Qxb6 Nxb6 33. Bxc8
Nxc8 34. Rd1 Be5 35. Rd8+ Kg7 36. Rxc8 Kf6 37. Rh8 Bxc7 38. Rxh7 g5 39. g3 Be5
40. Rh6+ Kg7 41. Rc6 Bd6 42. Kf2 f6 43. Kf3 Bb4 44. Kg4 Kg6 45. h4 gxh4 46.
gxh4 Ba3 47. h5+ Kh6 48. Kf5 Bb2 49. Rb6 Bd4 50. Rb3 Bc5 51. Ke6 Bd6 52. Kf5
Bc5 53. Rd3 Bb4 54. Rd4 Bc5 55. Rd5 Bb4 56. Rd8 Bc5 57. Rh8+ Kg7 58. Rc8 Bb4
59. Re8 Kh6 60. Rh8+ Kg7 61. Rb8 Bc5 62. Ke6 Kh6 63. Rh8+ Kg7 64. Re8 Kh6 65.
Rxe7 Kxh5 66. Kxf6 Bd4+ 67. e5 1-0

[Event "26th WSCC 2016 Open 65+"]
[Site "Marianske Lazne, Czech Republic - Hotel Cristal and Continental"]
[Date "2016.11.29"]
[Round "10.15"]
[White "Janda, Zdenek"]
[Black "Neckar, Lubomir"]
[Result "0-1"]
[WhiteElo "2114"]
[BlackElo "2319"]
[PlyCount "90"]
[EventDate "2016.11.19"]

1. d4 d5 2. Nf3 Nf6 3. Bf4 c5 4. e3 Nc6 5. Nc3 a6 6. Ne5 cxd4 7. Nxc6 bxc6 8.
exd4 Bf5 9. Bd3 Bxd3 10. Qxd3 e6 11. O-O Bd6 12. Bxd6 Qxd6 13. Na4 O-O 14. Nc5
e5 15. Qg3 Rfe8 16. Rae1 Nh5 17. Qg5 exd4 18. Nb3 Nf6 19. Nxd4 Ne4 20. Qg4 g6
21. Re3 c5 22. Nb3 f5 23. Qd1 Rad8 24. f3 Nf6 25. Rxe8+ Rxe8 26. Re1 Re5 27. c3
Nd7 28. Re2 Kf7 29. g3 f4 30. g4 Qe7 31. Rxe5 Qxe5 32. Qd2 Kf6 33. Kf2 Kg5 34.
Nc1 c4 35. Ne2 Nc5 36. Nxf4 Qxf4 37. h4+ Kxh4 38. Qxf4 Nd3+ 39. Ke3 Nxf4 40.
Kxf4 Kh3 41. g5 Kh4 42. b4 cxb3 43. axb3 a5 44. Ke5 Kxg5 45. f4+ Kg4 0-1

[Event "26th WSCC 2016 Open 65+"]
[Site "Marianske Lazne, Czech Republic - Hotel Cristal and Continental"]
[Date "2016.11.29"]
[Round "10.16"]
[White "Shevelev, Arkady"]
[Black "Roeder, Gerd"]
[Result "1-0"]
[WhiteElo "2283"]
[BlackElo "2207"]
[PlyCount "111"]
[EventDate "2016.11.19"]

1. e4 c5 2. Nf3 Nc6 3. d4 cxd4 4. Nxd4 Nf6 5. Nc3 e5 6. Ndb5 d6 7. Nd5 Nxd5 8.
exd5 Nb8 9. c4 a6 10. Nc3 Be7 11. Bd3 O-O 12. O-O f5 13. f3 Bg5 14. Kh1 Nd7 15.
b4 Bxc1 16. Rxc1 b6 17. Qc2 g6 18. g4 e4 19. fxe4 fxg4 20. Rxf8+ Qxf8 21. Rf1
Qe7 22. Qf2 Bb7 23. Qg1 Rf8 24. Rxf8+ Qxf8 25. Qxg4 Ne5 26. Qg3 Bc8 27. Be2 Qh6
28. c5 bxc5 29. bxc5 Qc1+ 30. Kg2 Qa3 31. cxd6 Qxd6 32. Nd1 Nf7 33. Qxd6 Nxd6
34. e5 Nf7 35. e6 Nd6 36. Nc3 Kg7 37. Bf3 Kf6 38. Ne4+ Nxe4 39. Bxe4 Ke5 40.
Bf3 a5 41. Kf2 Ba6 42. Be2 Bc8 43. Bb5 Kd6 44. Ke3 Bb7 45. Kd4 g5 46. Bc4 h5
47. Ke4 g4 48. Kf4 Bc8 49. a4 Kc5 50. e7 Bd7 51. Bb5 Kd6 52. Bxd7 Kxd7 53. d6
Ke8 54. Kg5 Kf7 55. Kxh5 g3 56. hxg3 1-0

[Event "26th WSCC 2016 Open 65+"]
[Site "Marianske Lazne, Czech Republic - Hotel Cristal and Continental"]
[Date "2016.11.29"]
[Round "10.17"]
[White "Lederman, Leon"]
[Black "Zilbert, Oleg"]
[Result "0-1"]
[WhiteElo "2280"]
[BlackElo "2208"]
[PlyCount "68"]
[EventDate "2016.11.19"]

1. e4 e5 2. Nf3 Nc6 3. Bb5 a6 4. Ba4 d6 5. c4 Bg4 6. h3 Bxf3 7. Qxf3 Nf6 8. O-O
Be7 9. Rd1 Nd7 10. Bxc6 bxc6 11. d4 exd4 12. Rxd4 Bf6 13. Rd1 O-O 14. Nc3 Re8
15. Bd2 a5 16. Na4 Qe7 17. Re1 Qe6 18. Rac1 Ne5 19. Qe2 c5 20. Bc3 Bg5 21. Rc2
Nc6 22. b3 Nb4 23. Rb2 Qg6 24. Qf3 Rad8 25. Rbe2 f6 26. g3 h5 27. Kf1 h4 28.
Qg4 hxg3 29. h4 gxf2 30. Bxb4 axb4 31. Rxf2 Re5 32. Rf5 Rf8 33. Kg2 Rfe8 34.
Kf1 Rxf5+ 0-1

[Event "26th WSCC 2016 Open 65+"]
[Site "Marianske Lazne, Czech Republic - Hotel Cristal and Continental"]
[Date "2016.11.29"]
[Round "10.18"]
[White "Gutkin, Boris"]
[Black "Kierzek, Matthias"]
[Result "1/2-1/2"]
[WhiteElo "2275"]
[BlackElo "2189"]
[PlyCount "39"]
[EventDate "2016.11.19"]

1. d4 d5 2. Nf3 Nf6 3. c4 c6 4. Nc3 dxc4 5. a4 Bf5 6. e3 e6 7. Bxc4 Bb4 8. O-O
Nbd7 9. h3 O-O 10. Qe2 Ne4 11. Nxe4 Bxe4 12. Rd1 Qf6 13. Bd2 Bxf3 14. Qxf3 Qxf3
15. gxf3 Bxd2 16. Rxd2 Nb6 17. Bb3 a5 18. Rc2 Rfd8 19. Rc5 Nd5 20. Bxd5 1/2-1/2

[Event "26th WSCC 2016 Open 65+"]
[Site "Marianske Lazne, Czech Republic - Hotel Cristal and Continental"]
[Date "2016.11.29"]
[Round "10.19"]
[White "Frick, Christoph"]
[Black "Gundersen, Helge"]
[Result "1/2-1/2"]
[WhiteElo "2275"]
[BlackElo "2120"]
[PlyCount "91"]
[EventDate "2016.11.19"]

1. Nc3 e6 2. e4 d5 3. g3 dxe4 4. Nxe4 Nf6 5. Bg2 Nbd7 6. Ne2 Nxe4 7. Bxe4 Nf6
8. Bg2 Bd6 9. O-O O-O 10. b3 c6 11. Bb2 Qe7 12. Re1 Ba3 13. Qc1 Bxb2 14. Qxb2
e5 15. Nf4 Re8 16. d4 e4 17. c4 Bf5 18. Rad1 Rad8 19. b4 b5 20. d5 bxc4 21.
dxc6 Rb8 22. a3 Qc7 23. Rd4 Qxc6 24. Qc3 Rbc8 25. Rc1 Red8 26. Rxd8+ Rxd8 27.
Bf1 Qd6 28. Bxc4 Ng4 29. Be2 Ne5 30. Qc7 g5 31. Nh5 Nd3 32. Rc4 Ne5 33. Qxd6
Rxd6 34. Rc5 Nf3+ 35. Kg2 Nd4 36. Bd1 h6 37. Rd5 Rxd5 38. Nf6+ Kf8 39. Nxd5 Ke8
40. h4 Kd8 41. hxg5 hxg5 42. Kf1 Kd7 43. Ke1 Kd6 44. Ne3 Be6 45. Kd2 f5 46. a4
1/2-1/2

[Event "26th WSCC 2016 Open 65+"]
[Site "Marianske Lazne, Czech Republic - Hotel Cristal and Continental"]
[Date "2016.11.29"]
[Round "10.20"]
[White "Toefferl, Heimo"]
[Black "Pribyl, Josef"]
[Result "1/2-1/2"]
[WhiteElo "2033"]
[BlackElo "2252"]
[PlyCount "35"]
[EventDate "2016.11.19"]

1. d4 Nf6 2. c4 g6 3. Nc3 d5 4. cxd5 Nxd5 5. e4 Nxc3 6. bxc3 Bg7 7. Bc4 Qd7 8.
f3 b5 9. Bb3 O-O 10. Ne2 Nc6 11. Be3 Na5 12. O-O Nxb3 13. axb3 Bb7 14. b4 e6
15. Nc1 f5 16. e5 Bd5 17. Nd3 Qc6 18. Nc5 1/2-1/2

[Event "26th WSCC 2016 Open 65+"]
[Site "Marianske Lazne, Czech Republic - Hotel Cristal and Continental"]
[Date "2016.11.29"]
[Round "10.21"]
[White "Birnboim, Nathan"]
[Black "Raikin, Leonid"]
[Result "1-0"]
[WhiteElo "2365"]
[BlackElo "2180"]
[PlyCount "81"]
[EventDate "2016.11.19"]

1. d4 d5 2. c4 c6 3. Nf3 Nf6 4. Nbd2 Bf5 5. Nh4 Bc8 6. g3 e6 7. Bg2 Nbd7 8. O-O
Be7 9. Nhf3 O-O 10. Qc2 h6 11. Rd1 b6 12. e4 dxe4 13. Nxe4 Bb7 14. Bf4 Nxe4 15.
Qxe4 Nf6 16. Qe2 Qc8 17. h4 Rd8 18. Rac1 Qd7 19. Ne5 Qe8 20. g4 Nh7 21. Bg3
Rac8 22. Rc3 Bf6 23. Ra3 Ra8 24. Re3 Rac8 25. f4 Bxe5 26. Rxe5 Qd7 27. g5 hxg5
28. fxg5 Nf8 29. h5 Ba8 30. g6 f6 31. Re3 c5 32. d5 exd5 33. Bxd5+ Bxd5 34.
Rxd5 Qc6 35. Rxd8 Rxd8 36. Re7 Rd7 37. Re8 Rd4 38. Qe7 Rd1+ 39. Kf2 Rf1+ 40.
Kxf1 Qf3+ 41. Bf2 1-0

[Event "26th WSCC 2016 Open 65+"]
[Site "Marianske Lazne, Czech Republic - Hotel Cristal and Continental"]
[Date "2016.11.29"]
[Round "10.22"]
[White "Vrabec, Milos"]
[Black "Khanukov, Boris"]
[Result "1/2-1/2"]
[WhiteElo "2138"]
[BlackElo "2320"]
[PlyCount "82"]
[EventDate "2016.11.19"]

1. e4 c5 2. c3 Nf6 3. e5 Nd5 4. d4 cxd4 5. cxd4 Nc6 6. Nf3 d6 7. Bc4 e6 8. O-O
Nb6 9. Bb5 Bd7 10. Nc3 dxe5 11. dxe5 Be7 12. Qe2 Qc7 13. Bf4 a6 14. Bd3 Nb4 15.
Be4 Bc6 16. Rac1 Rd8 17. Bb1 N4d5 18. Bd2 Nxc3 19. Rxc3 Qd7 20. Rd3 Bb5 21.
Rxd7 Bxe2 22. Rxd8+ Bxd8 23. Re1 Bxf3 24. gxf3 Kd7 25. Be4 Nd5 26. f4 g6 27.
Be3 Be7 28. Rd1 Kc6 29. Rc1+ Kd7 30. Rd1 Rd8 31. Bxd5 exd5 32. Rxd5+ Ke6 33.
Rxd8 Bxd8 34. Kg2 Kf5 35. Kf3 Be7 36. Bd4 h5 37. Be3 b5 38. b3 Bf8 39. Bd2 Bg7
40. Bc3 Bh6 41. Bd2 Bf8 1/2-1/2

[Event "26th WSCC 2016 Open 65+"]
[Site "Marianske Lazne, Czech Republic - Hotel Cristal and Continental"]
[Date "2016.11.29"]
[Round "10.23"]
[White "Sloth, Jorn"]
[Black "Golcman, Evgeny"]
[Result "1-0"]
[WhiteElo "2312"]
[BlackElo "2164"]
[PlyCount "80"]
[EventDate "2016.11.19"]

1. Nf3 f5 2. b3 Nf6 3. Bb2 e6 4. g3 b6 5. Bg2 Bb7 6. O-O Be7 7. d3 O-O 8. c4
Nc6 9. Nc3 Qe8 10. e3 Qh5 11. d4 Nd8 12. Ne5 Qxd1 13. Raxd1 Bxg2 14. Kxg2 Nf7
15. Nd3 a6 16. Ra1 Nd6 17. f3 Rfb8 18. Rfb1 c6 19. Kf2 Kf8 20. Ke2 Ke8 21. c5
Nc8 22. e4 g6 23. Bc1 fxe4 24. fxe4 bxc5 25. dxc5 Ng4 26. e5 Nxh2 27. Ne4 Ng4
28. Bf4 h5 29. Kd2 Rb7 30. Kc2 Kf7 31. Rf1 Kg7 32. Bd2 Na7 33. a4 Rbb8 34. Rf3
Rf8 35. Raf1 Rxf3 36. Rxf3 Rf8 37. Rxf8 Bxf8 38. Nb4 Be7 39. Nxa6 Nxe5 40. Bc3
Bf6 1-0

[Event "26th WSCC 2016 Open 65+"]
[Site "Marianske Lazne, Czech Republic - Hotel Cristal and Continental"]
[Date "2016.11.29"]
[Round "10.25"]
[White "Vikulov, Alexander"]
[Black "Kende, Gyorgy Dr"]
[Result "1-0"]
[WhiteElo "2275"]
[BlackElo "2145"]
[PlyCount "69"]
[EventDate "2016.11.19"]

1. Nf3 Nf6 2. c4 g6 3. Nc3 Bg7 4. d4 O-O 5. Bg5 c5 6. e3 d6 7. Be2 Na6 8. O-O
Bd7 9. d5 Nc7 10. a4 h6 11. Bh4 g5 12. Bg3 Nh5 13. Qc2 Nxg3 14. hxg3 Na6 15.
Nd2 Nb4 16. Qb1 e6 17. g4 f5 18. gxf5 exf5 19. Na2 a5 20. Nc3 Qe7 21. Ra3 Be8
22. Nd1 Bg6 23. g3 Rae8 24. f4 g4 25. Bxg4 Qf6 26. Be2 Kh8 27. Rf2 Qf7 28. Rh2
Kh7 29. Nf3 Kg8 30. Rb3 Re7 31. Nh4 Bh7 32. Kf2 Rfe8 33. Nf3 Bg6 34. Qc1 Bh5
35. Ne5 1-0

[Event "26th WSCC 2016 Open 65+"]
[Site "Marianske Lazne, Czech Republic - Hotel Cristal and Continental"]
[Date "2016.11.29"]
[Round "10.26"]
[White "Gruzmann, Boris"]
[Black "Agzamov, Valeriy"]
[Result "1/2-1/2"]
[WhiteElo "2268"]
[BlackElo "2137"]
[PlyCount "102"]
[EventDate "2016.11.19"]

1. e4 c5 2. Nf3 Nc6 3. d4 cxd4 4. Nxd4 g6 5. Nc3 Bg7 6. Be3 Nf6 7. Bc4 O-O 8.
Bb3 Qa5 9. O-O d6 10. h3 Bd7 11. f4 Nxd4 12. Bxd4 Bc6 13. Qd3 Rad8 14. f5 Nd7
15. Bxg7 Kxg7 16. Qd4+ Ne5 17. Bd5 Qc5 18. Qxc5 dxc5 19. Bxc6 Nxc6 20. Rf2 Rd4
21. Re1 Rd7 22. g4 f6 23. Nd5 Ne5 24. Nf4 Kf7 25. Kg2 b6 26. b3 Rh8 27. Ree2 g5
28. Ne6 h5 29. gxh5 Rxh5 30. Rd2 Rd6 31. Rfe2 Rh4 32. Rxd6 exd6 33. Nc7 Nc6 34.
c3 Ne5 35. Nb5 Ke7 36. Nxa7 Nd3 37. Re3 Nf4+ 38. Kh2 Rh8 39. a4 Kd7 40. c4 Rh7
41. Nb5 g4 42. h4 Nh5 43. Rd3 g3+ 44. Kg1 Nf4 45. Rxd6+ Ke7 46. Rd2 Rxh4 47.
Nc3 Nh3+ 48. Kg2 Ng5 49. Re2 Rh2+ 50. Kf1 Rh1+ 51. Kg2 Rh2+ 1/2-1/2

[Event "26th WSCC 2016 Open 65+"]
[Site "Marianske Lazne, Czech Republic - Hotel Cristal and Continental"]
[Date "2016.11.29"]
[Round "10.27"]
[White "Sorensen, Bent"]
[Black "Bratus, Petr P"]
[Result "1-0"]
[WhiteElo "2263"]
[BlackElo "2140"]
[PlyCount "89"]
[EventDate "2016.11.19"]

1. Nf3 Nf6 2. g3 g6 3. b3 Bg7 4. Bb2 O-O 5. Bg2 c5 6. c4 Nc6 7. O-O d6 8. d4
cxd4 9. Nxd4 Bd7 10. Nc3 Qa5 11. Nd5 Nxd5 12. Bxd5 Rac8 13. Nxc6 bxc6 14. Bxg7
Kxg7 15. Bg2 Qc5 16. Qd2 a5 17. Qc3+ f6 18. Rfd1 Rb8 19. Rab1 Rb6 20. Be4 Rfb8
21. h4 Be6 22. Qf3 Bf7 23. Kg2 Ra6 24. Qd3 a4 25. h5 axb3 26. axb3 Ra3 27. hxg6
hxg6 28. Rh1 d5 29. Qd2 f5 30. Bxf5 dxc4 31. Qh6+ Kf6 32. Qh4+ Kg7 33. bxc4 Rd8
34. Bd3 Raa8 35. Qh7+ Kf6 36. Rh4 Rd4 37. Rbh1 Rxh4 38. Rxh4 e5 39. Bxg6 Rf8
40. Rh6 Ke7 41. Qg7 Qxc4 42. Qxe5+ Qe6 43. Qc7+ Qd7 44. Qxd7+ Kxd7 45. Rh7 1-0